Amending a commercial lease (Record no. 102703)

MARC details
000 -LEADER
fixed length control field 01043cam a2200253 4500
008 - FIXED-LENGTH DATA ELEMENTS--GENERAL INFORMATION
fixed length control field #DATE n2003 000 0 eng u
020 ## - INTERNATIONAL STANDARD BOOK NUMBER
International Standard Book Number 0406958602
035 ## - SYSTEM CONTROL NUMBER
System control number (Sirsi) u121675
041 ## - LANGUAGE CODE
Language code of text/sound track or separate title eng
050 ## - LIBRARY OF CONGRESS CALL NUMBER
Classification number 346.4104343
-- 18
100 ## - MAIN ENTRY--PERSONAL NAME
Personal name Bamford, Karl
245 ## - TITLE STATEMENT
Title Amending a commercial lease
250 ## - EDITION STATEMENT
Edition statement 2nd ed.
260 ## - PUBLICATION, DISTRIBUTION, ETC.
Place of publication, distribution, etc. London
Name of publisher, distributor, etc. Butterworths
Date of publication, distribution, etc. 2003
300 ## - PHYSICAL DESCRIPTION
Extent xxx, 179p.
Dimensions 25cm.
350 ## - PRICE (NR) (BK AM CF MU VM SE) [OBSOLETE]
Price 47
520 ## - SUMMARY, ETC.
Summary, etc. Second edition of this book offers practitioners practical information on identifying potential amendments to a commercial lease. Provides the full text of a standard commercial lease with commentary and relevant amendments. Includes the new "Code of practice for commercial leases in England and Wales". With tables of cases and statutory material.
520 ## - SUMMARY, ETC.
Summary, etc. Supersedes first edition (ISBN 0406904197).
520 ## - SUMMARY, ETC.
Summary, etc. Superceded by third edition (ISBN:1845922552).
650 ## - SUBJECT ADDED ENTRY--TOPICAL TERM
Topical term or geographic name entry element COMMERCIAL LEASES
650 ## - SUBJECT ADDED ENTRY--TOPICAL TERM
Topical term or geographic name entry element BUSINESS LEASES
690 ## - LOCAL SUBJECT ADDED ENTRY--TOPICAL TERM (OCLC, RLIN)
Topical term or geographic name as entry element LANDLORD AND TENANT-BUSINESS TENANCIES
942 ## - ADDED ENTRY ELEMENTS (KOHA)
Suppress in OPAC 0
Holdings
Withdrawn status Lost status Source of classification or shelving scheme Damaged status Not for loan Home library Current library Shelving location Date acquired Cost, normal purchase price Total Checkouts Full call number Barcode Date last seen Date last checked out Copy number Cost, replacement price Price effective from Koha item type
    Dewey Decimal Classification     London London Basement 15/08/2003 39.95 25 346.4104343 BAM 30068586 06/08/2019 14/06/2006 1 39.95 06/08/2019 Book